Sobre las revoluciones de los orbes celestes /

Сохранить в:
Библиографические подробности
Главный автор: Copérnico, Nicolás (autor)
Другие авторы: Navarro, Bernabé (introducción y notas) (introducción y notas)
Формат:
Язык:испанский
Опубликовано: México : Secretaría de Educación Pública, 1974, c1974
Серии:(SepSetentas ; 158)
Предметы:
Метки: Добавить метку
Нет меток, Требуется 1-ая метка записи!

MARC

LEADER 00000nam^a2200000^a^4500
001 000440777
005 20250521000000.0
009 20260310123344.972
037 |a Acervo Xavier Clavigero 
041 |a ESP 
082 |a 520. 1  |b COP 
100 |a Copérnico, Nicolás  |e (autor) 
240 1 1 |a [Sobre las revoluciones de los orbes celestes] 
245 1 4 |a Sobre las revoluciones de los orbes celestes /  |c N. Copérnico ; introd. y notas de B. Navarro ; tr. por Manuel Tagüeña Lacorte, Carlos Moreno Cañadas. 
264 4 |a México :  |b Secretaría de Educación Pública,  |c 1974, c1974 
300 |a 213 p. 
336 |a texto  |b txt  |2 rdacontenido 
337 |a sin mediación  |b n  |2 rdamedio 
338 |a volumen  |b nc  |2 rdasoporte 
440 1 |a (SepSetentas ;  |v 158) 
500 |a Traducción de: De Revolutionibus Orbium Coelestium, Libri VI 
561 |a Ex libris de Jesús Gómez Fregoso 
649 |a XX 
650 |a Orbitas Heliocéntricas -  |x Tema Principal 
650 |a Planetas 
650 |a Sol 
650 |a Movimiento 
650 |a Sistema Solar 
650 |a Universo 
650 |a Mecánica Astronómica 
650 |a Astrofísica 
650 |a Astronomía 
700 |a Navarro, Bernabé  |e (introducción y notas) 
910 |a Fondo General 
920 |a Impresos - Libros 
930 |a Colección General 
905 |a 101 
901 |a 064452  |b IT1  |c ACC  |i 64452  |u 20250521 
902 |a https://opac.biblio.iteso.mx/vufind/Record/000440777